000 00983cam a22003013a 4500
001 21471
003 PGUSA
005 20140828083446.0
008 070515s2007||||xxu|||||s|||||000 1 eng d
040 _aPGUSA
_beng
042 _adc
050 4 _aPZ
100 1 _aKingston, William Henry Giles,
_d1814-1880
245 1 0 _aMountain Moggy :
_bThe Stoning of the Witch
_h[electronic resource] /
_cWilliam Henry Giles Kingston
260 _bProject Gutenberg,
_c2007
506 _aPublic domain in the USA.
516 _aElectronic text
653 _aSuperstition -- Juvenile fiction
653 _aKindness -- Juvenile fiction
653 _aCruelty -- Juvenile fiction
653 _aChristian life -- Juvenile fiction
653 _aSailors -- Juvenile fiction
653 _aBrothers and sisters -- Juvenile fiction
653 _aConduct of life -- Juvenile fiction
830 0 _aProject Gutenberg
_v21471
856 4 0 _uhttp://www.gutenberg.org/ebooks/21471
942 _cEB
999 _c250726
_d250726